The effect of critical process parameters on the final product during high-shear granulation of mesoporous silica microparticles [abstract] /

Elmentve itt :
Bibliográfiai részletek
Szerzők: Benkő Flórián
Zacsik Nóra
Kristó Katalin
Sovány Tamás
Testületi szerző: VIII. Symposium of Young Researchers on Pharmaceutical Technology, Biotechnology and Regulatory Science
Dokumentumtípus: Könyv része
Megjelent: University of Szeged Szeged 2026
Sorozat:Symposium of Young Researchers on Pharmaceutical Technology, Biotechnology and Regulatory Science 8
Kulcsszavak:Gyógyszertechnológia - előadáskivonat
Tárgyszavak:
doi:10.14232/syrptbrs.2026.47

Online Access:http://acta.bibl.u-szeged.hu/89450
LEADER 01188naa a2200253 i 4500
001 acta89450
005 20260216133859.0
008 260216s2026 hu o 100 eng d
024 7 |a 10.14232/syrptbrs.2026.47  |2 doi 
040 |a SZTE Egyetemi Kiadványok Repozitórium  |b hun 
041 |a eng 
100 1 |a Benkő Flórián 
245 1 4 |a The effect of critical process parameters on the final product during high-shear granulation of mesoporous silica microparticles   |h [elektronikus dokumentum] :  |b [abstract] /  |c  Benkő Flórián 
260 |a University of Szeged  |b Szeged  |c 2026 
300 |a 47 
490 0 |a Symposium of Young Researchers on Pharmaceutical Technology, Biotechnology and Regulatory Science  |v 8 
650 4 |a Orvos- és egészségtudomány 
650 4 |a Általános orvostudomány 
695 |a Gyógyszertechnológia - előadáskivonat 
700 0 1 |a Zacsik Nóra  |e aut 
700 0 1 |a Kristó Katalin  |e aut 
700 0 1 |a Sovány Tamás  |e aut 
711 |a VIII. Symposium of Young Researchers on Pharmaceutical Technology, Biotechnology and Regulatory Science  |c Szeged  |d 2026. január 28-30. 
856 4 0 |u http://acta.bibl.u-szeged.hu/89450/1/syrptbrs_2026_047.pdf  |z Dokumentum-elérés